|
|
|
|
| LEADER |
02131nam a22003017a 4500 |
| 001 |
AAL8390 |
| 003 |
BD-DhAAL |
| 005 |
20190416121957.0 |
| 008 |
160228b20141988bg a|||| |||| 00| 0 ben d |
| 999 |
|
|
|c 36945
|d 36945
|
| 020 |
|
|
|a 9844330661
|
| 040 |
|
|
|a BD-DhAAL
|c BD-DhAAL
|
| 082 |
|
|
|2 22
|a 954.9205
|
| 100 |
|
|
|a ম্যাসকার্নহাস, অ্যান্থনী
|9 18219
|
| 245 |
|
|
|a বাংলাদেশ :
|b রক্তের ঋণ /
|c অ্যান্থনী ম্যাসকার্নহাস, অনুবাদক মোহাম্মদ শাহজাহান
|
| 246 |
|
|
|a বাংলাদেশ :
|b এ লিগ্যাসি অব ব্লাড- এর ভাষান্তর /
|
| 260 |
|
|
|a ঢাকা :
|b হাক্কানী পাবলিশার্স,
|c ২০১৪
|
| 300 |
|
|
|a ২১৬ পৃ. :
|b চিত্র ;
|c ২২ সে.মি.
|
| 541 |
|
|
|e 8390
|
| 651 |
|
|
|a Bangladesh
|x Politics and government
|y 1971-
|9 18220
|
| 700 |
|
|
|a শাহজাহান, মোহাম্মদ
|9 18221
|
| 852 |
|
|
|a Savar Campus Library
|c General Shelf
|
| 942 |
|
|
|2 ddc
|c BK
|
| 952 |
|
|
|0 0
|1 0
|2 ddc
|4 0
|6 954_900000000000000_205_MAS
|7 1
|9 58191
|a SCL
|b SCL
|c GEN
|d 2016-02-28
|e Book Development Agency
|g 220.00
|l 2
|o 954.9205 MAS
|p 3020008390
|r 2016-11-23
|s 2016-11-15
|t 1
|w 2016-02-28
|y BK
|
| 952 |
|
|
|0 0
|1 0
|2 ddc
|4 0
|6 954_900000000000000_205_MAS
|7 0
|9 58192
|a SCL
|b SCL
|c GEN
|d 2016-02-28
|e Book Development Agency
|g 220.00
|l 6
|m 15
|o 954.9205 MAS
|p 3020008393
|q 2026-07-30
|r 2024-11-11
|s 2024-11-11
|t 2
|w 2016-02-28
|y BK
|
| 952 |
|
|
|0 0
|1 0
|2 ddc
|4 0
|6 954_900000000000000_205_MAS
|7 0
|9 58193
|a SCL
|b SCL
|c GEN
|d 2016-02-28
|e Book Development Agency
|g 220.00
|l 6
|m 11
|o 954.9205 MAS
|p 3020008391
|r 2019-12-06
|s 2019-11-28
|t 3
|w 2016-02-28
|y BK
|
| 952 |
|
|
|0 0
|1 0
|2 ddc
|4 0
|6 954_900000000000000_205_MAS
|7 0
|9 58194
|a SCL
|b SCL
|c GEN
|d 2016-02-28
|e Book Development Agency
|g 220.00
|l 3
|m 15
|o 954.9205 MAS
|p 3020008394
|r 2018-11-24
|s 2018-10-14
|t 4
|w 2016-02-28
|y BK
|
| 952 |
|
|
|0 0
|1 0
|2 ddc
|4 0
|6 954_900000000000000_205_MAS
|7 0
|9 59582
|a SCL
|b SCL
|c GEN
|d 2016-08-31
|g 220.00
|l 7
|m 17
|o 954.9205 MAS
|p 3020008392
|r 2025-03-03
|s 2025-02-11
|t 5
|w 2016-08-31
|y BK
|